00898cas a2200253 a 450000500170000000800410001701000160005803500230007404000460009704100130014304200080015604300120016422200870017624500330026324600400029626000850033630000250042131000110044650000410045754600470049865000330054565000240057871000420060220240211191814.0980810c19979999ja ar p 0 0jpn  a 00207843 a(OCoLC)ocm43793331 aDLCbengcDLCdOCLCQdOCLCFdOCLCOdOCLCQ0 ajpnaeng apcc aa-ja--- 0agraduate school of okinawa international university =b沖縄国際大学大学院00aokinaw international school 31agraduate school of regional culture 6880-03aOkinawa-ken Ginowan-shi :bOkinawa Kokusai Daigaku Sogo Gakujutsu Gakkai av. :bill. ;c30 cm. aAnnual agraduate school of regional culture. aChiefly in Japanese; some also in English. 0aculturezJapanvPeriodicals. 0ajapanvPeriodicals.2 aagraduate school of regional culture.